Banner

Tratado jurídico sobre automotores y vías : (Record no. 473)

MARC details
000 -LEADER
campo de control de longitud fija 00955nam a22002297a 4500
001 - NÚMERO DE CONTROL
campo de control 001996
003 - IDENTIFICADOR DE NÚMERO DE CONTROL
campo de control CoMeUDC001996
005 - FECHA Y HORA DE LA ÚLTIMA TRANSACCIÓN
campo de control 20181217170854.0
008 - DATOS DE LONGITUD FIJA--INFORMACIÓN GENERAL
campo de control de longitud fija 050414s2005 ck fr 000 0 spa d
020 ## - NÚMERO INTERNACIONAL ESTÁNDAR DEL LIBRO
Número Internacional Estándar del Libro 9588235006
040 ## - FUENTE DE CATALOGACIÓN
Centro catalogador/agencia de origen CO-BoUEX
Centro/agencia transcriptor CoMeUDC
092 04 - ASIGNACIÓN LOCAL DE SIGNATURA TOPOGRÁFICA DEWEY (OCLC)
Número de clasificación 388
Número de ítem A662t
100 10 - ENTRADA PRINCIPAL--NOMBRE DE PERSONA
Nombre de persona Arango Ramírez, Natalia
245 0# - MENCIÓN DEL TÍTULO
Título Tratado jurídico sobre automotores y vías :
Resto del título análisis al código nacional de tránsito /
Mención de responsabilidad, etc. Natalia Arango Ramírez.
260 ## - PUBLICACIÓN, DISTRIBUCIÓN, ETC.
Lugar de publicación, distribución, etc. Medellín :
Nombre del editor, distribuidor, etc. Biblioteca Jurídica Dike,
Fecha de publicación, distribución, etc. 2005.
300 ## - DESCRIPCIÓN FÍSICA
Extensión 814 p.
504 ## - NOTA DE BIBLIOGRAFÍA, ETC.
Nota de bibliografía, etc. Nota Incluye bibliografía.
505 ## - NOTA DE CONTENIDO CON FORMATO
Nota de contenido con formato Aproximaciones a la legislación de tránsito.- La administración pública de tránsito.- Los impuestos y contribuciones sobre automotores.- Los documentos de tránsito.- Los objetos de tránsito.-Sanciones y procedimientos de tránsito.-
650 #7 - PUNTO DE ACCESO ADICIONAL DE MATERIA--TÉRMINO DE MATERIA
Término de materia o nombre geográfico como elemento de entrada TRANSPORTE
Subdivisión general ASPECTOS JURIDICOS
Subdivisión geográfica COLOMBIA
650 #7 - PUNTO DE ACCESO ADICIONAL DE MATERIA--TÉRMINO DE MATERIA
Término de materia o nombre geográfico como elemento de entrada TRANSPORTE
Subdivisión general LEGISLACION
Subdivisión geográfica COLOMBIA
942 ## - ELEMENTOS DE ENTRADA SECUNDARIOS (KOHA)
Fuente del sistema de clasificación o colocación Clasificación Decimal Dewey
Tipo de ítem Koha Libros
Holdings
Estatus retirado Estado de pérdida Fuente del sistema de clasificación o colocación Estado de daño No para préstamo Colección Biblioteca de origen Biblioteca actual Fecha de adquisición Fuente de adquisición Signatura topográfica completa Código de barras Visto por última vez Copia número Precio de reemplazo Tipo de ítem Koha
    Clasificación Decimal Dewey     Colección general U DE COLOMBIA - Biblioteca U DE COLOMBIA - Biblioteca 17/12/2018 Compra 388 A662t 001996 17/12/2018 1 17/12/2018 Libros


Biblioteca Académica Corporación Universitaria U DE COLOMBIA | Teléfono: +(57) (4) 2398080 ext. 1112 | E-mail: biblioteca@udecolombia.edu.co | Dirección: Calle 56 Nº 41 – 147 (Bolivia con Girardot)
Horario de atención: lunes a viernes 8:00 a.m. a 8:00 p.m. - sábados 8:00 a.m. a 4:00 p.m.
Implementado por Grupo EGS.

Powered by Koha